Statistics for Every Clubs' top scorer 2019/20

Click here to take the quiz!

General Stats

  • This quiz has been taken 20 times
  • The average score is 15 of 20

Answer Stats

ClubTop Scorer% Correct
ArsenalAubameyang
100%
EvertonCalvert Lewin/Richarlison
100%
SpursKane
100%
Man UtdMartial/Rashford
100%
LiverpoolSalah
100%
LeicesterVardy
100%
Aston VillaGrealish
92%
SouthamptonIngs
92%
WolvesJimenez
92%
Man CitySterling
92%
ChelseaAbraham
85%
NorwichPukki
85%
BrightonMaupay
77%
BournemouthWilson
77%
West HamAntonio
69%
WatfordDeeney
54%
BurnleyWood
46%
Crystal PalaceAyew
23%
NewcastleShelvey
23%
Sheffield UtdMcBurnie
15%

Score Distribution

Percentile by Number Answered

Percent of People with Each Score

Your Score History

You have not taken this quiz